LE SSERAFIM - Lyric Quiz - Statistics

General Stats
  • This quiz has been taken 112 times
  • The average score is 8 of 10
Answer Stats
Lyric Song % Correct
All the girls are girling, girling / All the girls are girling, girling CRAZY
99%
Yeah, this is a hot spot / Don't give a fuck, nega mworadeon SPAGHETTI
91%
I'm a smarter, baby, smarter / Smarter, baby, smarter Smart
89%
Georeobwa wieom like a lion / Nunbichen geodaehan desire (Na-na-na, eh) ANTIFRAGILE
86%
I'm a mess in distress but we're still the best dressed / Fearless, say yes, we don't dress to impress Eve, Psyche & The Bluebeard's wife
79%
You should get away, gеt a, get a, get away / Dachiji anke, dachi-dachiji ankе FEARLESS
77%
I got all I need, you know nothing else can beat / The way that I feel when I'm dancin' with my girls Perfect Night
74%
Where the heck is Saki? / She's waiting down in the lobby 1-800-hot-n-fun
73%
Black swan, nan black swan, nan like / Black swan, nan black swan, nan like Swan Song
72%
No lying when it feels right / Stop trying, baby, listen Come Over
66%
No matching quizzes found
Score Distribution
Percent of People with Each Score
Percentile by Number Answered
Your Score History
You have not taken this quiz